000 00751nam a2200205Ia 4500
003 GCL
008 140319s9999 xx 000 0 ara d
040 _aGCL /
_cGCL
082 0 4 _a398.2324897
_bس ا
100 1 _aسيمونسورى، لورى
245 1 0 _aاساطير من الموروثات الشعبية الفنلندية /
_cسيمونسورى، لورى
700 1 _aمحمود مهدى عبدالله
260 _aالقاهرة :
_bالمجلس الاعلى للثقافة ،
_c2004
300 _a470 ص ؛
_c20 سم
490 _aالمشروع القومى للترجمة
_v590
650 0 4 _aالادب الشعبى
650 0 4 _aالاساطير القديمة
650 0 4 _aالاساطير - فنلندا
942 _2ddc
_cBK
999 _c56339
_d56339